Quiz Champion Experten - Statistiken

Allgemein
  • Dieses Quiz wurde 62 mal gespielt
    22 seit der letzten Aktualisierung
  • Das Durchschnittsergebnis liegt bei 18 aus 78
Antwortstatistiken
Hint Antwort % Korrekt
Marcel Reif 24x
71%
Bastian Pastewka 18x
67%
Nelson Müller 1x
67%
Tim Mälzer 12x
67%
Wigald Boning 25x
67%
Sport Katrin Müller-Hohenstein 20x
62%
Anna Thalbach 19x
57%
Johann Lafer 7x
57%
Katharina Thalbach 10x
57%
Axel Milberg 17x
52%
Andrea Kiewel 1x
48%
Andrea Kiewel 6x
48%
Horst Lichter 3x
48%
Ulrich Wickert 10x
48%
Ulrich Wickert 1x
48%
Franziska van Almsick 10x
43%
Michael Bully Herbig 26x
43%
Frank Plasberg 12x
33%
Zeitgeschichte Guido Knopp 16x
33%
Ernährung Alexander Herrmann 7x
29%
Bernhard Hoecker 3x
29%
Christine Urspruch 4x
29%
Boris Becker 2x
24%
Literatur & Sprache Hellmuth Karasek 2x
24%
Christian Rach 1x
19%
Eckart von Hirschhausen 1x
19%
Guido Cantz 2x
19%
Jens Riewa 4x
19%
Jürgen von der Lippe 6x
19%
Laura Wontorra 1x
19%
Sarah Wiener 6x
19%
Andreas Kieling 3x
14%
Anna Loos 1x
14%
Barbara Hahlweg 2x
14%
Frauke Ludowig 1x
14%
Stars & Gesellschaft Frauke Ludowig 1x
14%
Hardy Krüger 1x
14%
Jan Hofer 2x
14%
Jan Hofer 1x
14%
Jan Josef Liefers 1x
14%
Katarina Witt 2x
14%
Katrin Bauerfeind 2x
14%
Norbert Blüm 1x
14%
Norbert Blüm 1x
14%
Oliver Kalkofe 1x
14%
Sasha 4x
14%
Steffen Hallaschka 5x
14%
Andrea Kaiser 3x
10%
Andrea Sawatzki 1x
10%
Christian Sievers 1x
10%
Christine Westermann 2x
10%
Dieter Nuhr 2x
10%
Natur & Wissenschaft Dirk Steffens 7x
10%
Hannes Jaenicke 1x
10%
Hubertus Meyer-Burckhardt 1x
10%
Julia Scharf 3x
10%
Film & Fernsehen Jürgen Vogel 1x
10%
Politik Klaus Töpfer 1x
10%
Kurt Krömer 2x
10%
Michael Kessler 2x
10%
Michael Stich 1x
10%
Natalia Wörner 1x
10%
Oliver Pocher 1x
10%
Pinar Atalay 1x
10%
Ralph Siegel 1x
10%
Sabine Leutheusser-Schnarrenberger 1x
10%
Musik Sido 1x
10%
Steven Gätjen 2x
10%
Waldemar Hartmann 2x
10%
Erdkunde Willi Weitzel 1x
10%
Zeitgeschehen Alice Schwarzer 1x
5%
Anne Gesthuysen 3x
5%
Britta Heidemann 1x
5%
Esther Schweins 1x
5%
Heiner Geißler 1x
5%
Helmut Markwort 1x
5%
Stefan Effenberg 1x
5%
Veronica Ferres 1x
5%
Keine übereinstimmenden Quizze gefunden
Verteilung der Resultate
Anzahl Personen mit jedem Resultat
Perzentil nach korrekt beantworteten Fragen
Ihre Resultats-Entwicklung
Sie haben dieses Quiz seit der letzten Aktualisierung nicht gespielt